00251nam a22000977a 4500040000900000082001600009100002300025245007100048260000900119650002500128 cNUST a174.962,NAA aNaagarazan, R.S.  aA Textbook on professional ethics human values /cR.S. Naagarazan  c2016 aEthics Human Values